| 000 | 00763nam a2200277 a 4500 | ||
|---|---|---|---|
| 999 |
_c4598 _d4598 |
||
| 001 | 4598 | ||
| 003 | BD-JhCC | ||
| 005 | 20171128193033.0 | ||
| 008 | 870917s1987 maua 001 0 eng | ||
| 020 | _a0871500434 | ||
| 035 | _a(BD-JhCC) | ||
| 040 |
_aDLC _cDLC _dDLC |
||
| 041 | _aeng | ||
| 050 | 0 | 0 |
_aQA154.2 _b.R53 1987 |
| 082 | 0 | 0 |
_a512.9 _219 _bRIC 1987 |
| 100 | 1 | _aRice, Bernard J. | |
| 245 | 1 | 0 |
_aCollege algebra / _cBernard J. Rice and Jerry D. Strange. |
| 250 | _a3rd ed. | ||
| 260 |
_aBoston : _bPrindle, Weber & Schmidt, _cc1987. |
||
| 300 |
_aviii, 408 p. : _bill. ; _c24 cm. |
||
| 500 | _a"Answers to odd-numbered exercises": p. 369-405. | ||
| 500 | _aIncludes index. | ||
| 650 | 0 | _aAlgebra. | |
| 700 | 1 | _aStrange, Jerry D. | |
| 942 |
_2ddc _cBK |
||